Statistics for What Country is this City Apart of? #8

Click here to take the quiz!

General Stats

  • This quiz has been taken 19 times
  • The average score is 11 of 15

Answer Stats

QuestionAnswer% Correct
TriesteItaly
100%
DohaQatar
100%
AlmatyKazakhstan
88%
Port MoresbyPapua New Guinea
88%
ThimpuBhutan
82%
Esch-sur-AlzetteLuxembourg
82%
AsmaraEritrea
76%
KitakyushuJapan
76%
ArequipaPeru
76%
MalmöSweden
76%
YamoussoukroIvory Coast
71%
UtrechtNetherlands
71%
GomelBelarus
65%
BeiraMozambique
59%
SohagEgypt
29%

Score Distribution

Percentile by Number Answered

Percent of People with Each Score

Your Score History

You have not taken this quiz